Maths Questions [Easy Rating 0.4] - Statistics

General Stats
  • This quiz has been taken 276 times
  • The average score is 19 of 20
Answer Stats
Question Answer % Correct
3x6 18
100%
5/5 1
99%
15-7 8
99%
6x2 12
98%
24-7 17
98%
23-2 21
98%
16+9 25
98%
12x2 24
96%
26-23 3
95%
30/6 5
95%
5+8 13
94%
4x7 28
94%
21/3 7
94%
19-8 11
93%
5+4 9
93%
3x5 15
92%
2x11 22
92%
28/7 4
88%
3x10 30
87%
17-11 6
87%
No matching quizzes found
Score Distribution
Percent of People with Each Score
Percentile by Number Answered
Your Score History
You have not taken this quiz